| 000 | 00776nam a22003130a 4500 | ||
|---|---|---|---|
| 001 | PT32453 | ||
| 003 | AR-LpoUNG | ||
| 005 | 20210131225953.0 | ||
| 008 | 191001s2003||||sp |||||||||||||||||spa d | ||
| 020 |
_a8497646460 _c$48.75 |
||
| 040 |
_aAR-LpoUNG _bspa _cAR-LpoUNG _eaacr |
||
| 041 | _aspa | ||
| 044 | _asp | ||
| 082 | 0 | _aR937 756atl | |
| 100 | 1 | _aConstable, Nick | |
| 245 | 1 | 0 | _aAtlas histórico de la Antigua Roma |
| 260 |
_aMadrid : _bEdimat, _c2003. |
||
| 300 |
_a189 p. : _bil., mapas, gráfs. |
||
| 650 | 4 | _aANALISIS HISTORICO | |
| 650 | 4 | _aATLAS | |
| 650 | 4 | _aGUERRA | |
| 650 | 4 | _aHISTORIA | |
| 650 | 4 | _aHISTORIA POLITICA | |
| 650 | 4 | _aMAPAS | |
| 650 | 4 | _aMATERIAL DE REFERENCIA | |
| 653 | _aHISTORIA ANTIGUA | ||
| 905 | _a32453 | ||
| 942 | _cLSALA | ||
| 999 |
_c728 _d728 |
||